Statistics for Oscar Best Animated Pictures Quiz

Click here to take the quiz!

General Stats

  • This quiz has been taken 29,720 times
    (3,390 since last reset)
  • The average score is 15 of 19

Answer Stats

Year Hint Movie % Correct
2014Ice princessFrozen
98%
2002OgreShrek
95%
2010BalloonsUp
95%
2004FishFinding Nemo
94%
2008ChefRatatouille
93%
2020Yet another
Pixar sequel
Toy Story 4
92%
2011Evil purple bearToy Story 3
92%
2009Trash planetWALL-E
91%
2013Red hairBrave
84%
2016EmotionsInside Out
80%
2017Animal cityZootopia
79%
2005SuperherosThe Incredibles
78%
2007PenguinsHappy Feet
77%
2018Día de MuertosCoco
73%
2012Desert lizardRango
68%
2019ArachnidSpider-Man: Into the
Spider-Verse
55%
2015RobotBig Hero 6
49%
2006ClaymationWallace & Gromit:
The Curse of the Were-Rabbit
49%
2003MiyazakiSpirited Away
43%

Score Distribution

Percentile by Number Answered

Percent of People with Each Score

Your Score History

You have not taken this quiz since the last reset